| 000 | 01022nam a22002657i 4500 | ||
|---|---|---|---|
| 001 | IT\ICCU\MOD\0095546 | ||
| 003 | ItRI | ||
| 005 | 20260115232338.0 | ||
| 008 | 010330s1966 it |||||| ||||| |||||c | ||
| 040 |
_bita _cimportazione bologna sebina |
||
| 041 | 7 |
_aita _2ISO-639-2 |
|
| 082 |
_a823 _9NARRATIVA INGLESE _212 |
||
| 100 | 1 |
_aHall, Radclyffe _0IT\ICCU\CFIV\001539 _4aut |
|
| 240 | 1 | 4 |
_aThe sixth beatitude _3IT\ICCU\LIA\0015516 _9Hall, Radclyffe |
| 245 | 1 | 3 |
_aLa sesta beatitudine / _cRadclyffe Hall ; traduzione di Mimi Oliva Lentati. |
| 260 |
_a[Milano] : _bDall'Oglio, _c1966 |
||
| 300 |
_a279 p. ; _c18 cm. |
||
| 700 | 1 |
_aOliva Lentati, Mimì _0IT\ICCU\LIAV\011377 _4trl |
|
| 752 |
_ait _dMilano |
||
| 790 | 1 |
_aHall, Marguerite Radclyffe _3IT\ICCU\CFIV\153676 _zHall, Radclyffe |
|
| 790 | 1 |
_aRadclyffe Hall, Marguerite _3IT\ICCU\CFIV\165214 _zHall, Radclyffe |
|
| 790 | 1 |
_aLentati Oliva, Maria _3IT\ICCU\CFIV\187190 _zOliva Lentati, Mimì |
|
| 830 | 2 |
_aI David ; _v30 _0IT\ICCU\RAV\0108403 |
|
| 942 |
_2ddc _cBK _n0 |
||
| 999 |
_c20890 _d20890 |
||